Public administration : an action orientation / (Record no. 3899)

MARC details
000 -LEADER
fixed length control field 00966nac a22002291u 4500
010 ## - LIBRARY OF CONGRESS CONTROL NUMBER
LC control number 90021346
020 ## - INTERNATIONAL STANDARD BOOK NUMBER
International Standard Book Number 0534131824 :
082 00 - DEWEY DECIMAL CLASSIFICATION NUMBER
Classification number 350
Item number DEN
090 ## - LOCALLY ASSIGNED LC-TYPE CALL NUMBER (OCLC); LOCAL CALL NUMBER (OCLC)
-- 3899
-- 3899
100 ## - MAIN ENTRY--PERSONAL NAME
Personal name Denhardt, Robert B.
245 10 - TITLE STATEMENT
Title Public administration : an action orientation /
Statement of responsibility, etc Robert B. Denhardt.
260 ## - PUBLICATION, DISTRIBUTION, ETC. (IMPRINT)
Place of publication, distribution, etc Pacific Grove, Calif. :
Name of publisher, distributor, etc Wadsworth,1991.
Date of publication, distribution, etc c1991.
300 ## - PHYSICAL DESCRIPTION
Extent xix, 441 p. :
Other physical details ill. ;
Dimensions 25 cm.
500 ## - GENERAL NOTE
General note Distributer : Dar Fathy Taha Mohamed Desoukey
504 ## - BIBLIOGRAPHY, ETC. NOTE
Bibliography, etc Includes bibliographical references (p. 415-425) and index.
511 ## - PARTICIPANT OR PERFORMER NOTE
Participant or performer note Catalogued by: Sara
650 #0 - SUBJECT ADDED ENTRY--TOPICAL TERM
Topical term or geographic name as entry element Public administration.
942 ## - ADDED ENTRY ELEMENTS (KOHA)
Item type Book - Borrowing
Call number prefix 350DEN
Holdings
Withdrawn status Item status Materials specified (bound volume or other part) Damaged status Not for loan Home library Current library Shelving location Date acquired Source of acquisition Total Checkouts Full call number Barcode Date last seen Koha item type Total Renewals Date last borrowed Cost, replacement price
  Lost Lost In Inventory_2005-2015/8/22     Central Library Central Library First floor 07/08/2006 Purchase   350DEN 0000000251 05/08/2007 Book - Borrowing      
          Central Library Central Library First floor 07/08/2007 Purchase 4 350DEN 000005110 15/07/2025 Book - Borrowing 11 16/11/2014  
          Central Library Central Library First floor 06/04/2008 Purchase 2 350DEN 000010935 15/07/2025 Book - Borrowing   27/05/2010 50.00